000 01885nam a2200409 i 4500
001 193865
003 SpMaBN
005 20250708200836.0
008 240201s2020 sp a | |||| 000 p spa
015 _aMON20
017 _aMA 640-2020
_bOficina Depósito Legal Málaga
020 _a9788494992148
040 _aSpMaBN
_bspa
_cSpMaBN
_erda
080 _a821.134.2-14"19"
100 1 _aMayor Zaragoza, Federico,
_d1934-2024
_eaut
_979415
245 1 0 _aAntología /
_cFederico Mayor Zaragoza ; prólogo de Adela Cortina ; ilustraciones de Miguel Rodríguez Acosta, Mercedes Gómez-Pablos, María Novo, Miguel Gómez Peña.
250 _aPrimera edición: mayo de 2020
264 1 _aMálaga :
_bEdiciones Litoral,
_cMMXX [2020].
264 4 _c©2020
300 _a461 páginas :
_bilustraciones (blanco y negro y color) ;
_c24 cm.
336 _aTexto
_2rdacontent
337 _asin mediación
_2rdamedia
338 _avolumen
_2rdacarrier
520 _aEsta antología incluye ilustraciones de María Novo, Miguel Rodríguez Acosta, Mercedes Gómez-Pablos y Miguel Gómez Peña.
655 7 _2tgfbne
_9176539
_aPoesías
700 1 _aRodríguez-Acosta, Miguel,
_d1927-2025
_eill
_998314
700 1 _aGómez-Pablos, Mercedes,
_d1940-
_9155292
_eill
700 _aNovo, María
_9176590
_eill
700 _aGómez Peña, Miguel
_9235307
_eill
852 _aES-MaACL
_bR.155001
_cDEPOJ
_jN-9742
_xEncuadernación rústica con solapas
_gDedicatoria autógrafa del autor
_hDonación: Federico Mayor Zaragoza
_9205408
903 _979415
_aMayor Zaragoza, Federico,
_d1934-2024
_ednr
942 _cMONOGRAFIA
_n0
999 _c193865
_d193865